Fernsehpersönlichkeiten Quiz #2 - Statistiken

Allgemein
  • Dieses Quiz wurde 119 mal gespielt
  • Das Durchschnittsergebnis liegt bei 12 aus 16
Antwortstatistiken
Bildquiz Antwort % Korrekt
Dieter Bohlen
99%
Michael "Bully" Herbig
92%
Barbara Schöneberger
91%
Robert Geiss
89%
Joko Winterscheidt
85%
Markus Lanz
85%
Hella von Sinnen
77%
Christoph Maria Herbst
75%
Torsten Sträter
75%
Hape Kerkeling
71%
Harald Glöckler
71%
Moritz Bleibtreu
69%
Susanne Daubner
62%
Jan Josef Liefers
56%
Michelle Hunziker
56%
Bjarne Mädel
48%
Keine übereinstimmenden Quizze gefunden
Verteilung der Resultate
Anzahl Personen mit jedem Resultat
Perzentil nach korrekt beantworteten Fragen
Ihre Resultats-Entwicklung
Sie haben dieses Quiz noch nicht gespielt